Let Us C (Record no. 67)

MARC details
000 -LEADER
Fixed length control field 00492nam a2200193 4500
003 - CONTROL NUMBER IDENTIFIER
Control field SEACOMEC
005 - DATE AND TIME OF LATEST TRANSACTION
Control field 20240401131932.0
008 - FIXED-LENGTH DATA ELEMENTS--GENERAL INFORMATION
Fixed length control field 231004b |||||||| |||| 00| 0 eng d
020 ## - INTERNATIONAL STANDARD BOOK NUMBER / ISBN
Price Rs. 195.00
040 ## - CATALOGING SOURCE
Original cataloging agency SEACOMEC
082 ## - DEWEY DECIMAL CLASSIFICATION NUMBER
Classification number 005.133
Book Number K16
100 1# - MAIN ENTRY--PERSONAL NAME
Personal name Kantkar, Yashavant P.
245 1# - TITLE STATEMENT
Title Let Us C
Statement of responsibility Yashavant P. Kantkar,
250 ## - EDITION STATEMENT
Remainder of edition statement 6th Ed
260 ## - IMPRINT
Place of publication New Delhi
Name of publisher BPB
Date of publication 2005
650 ## - SUBJECT ADDED ENTRY--TOPICAL TERM
Topical term Computer Programming, Program, data
650 ## - SUBJECT ADDED ENTRY--TOPICAL TERM
Topical term Programming Language
942 ## - ADDED ENTRY ELEMENTS (KOHA)
Koha item type Books
Holdings
Withdrawn status Lost status Source of classification Damaged status Not for loan Home library Current library Date acquired Total Checkouts Call number Accession number Date last seen Price effective from Koha item type Copy number
    Dewey Decimal Classification     SEACOM ENGINEERING COLLEGE SEACOM ENGINEERING COLLEGE 01/04/2024   005.133 K16 4551 01/04/2024 01/04/2024 Books  
    Dewey Decimal Classification     SEACOM ENGINEERING COLLEGE SEACOM ENGINEERING COLLEGE 01/04/2024   005.133 K16 4552 01/04/2024 01/04/2024 Books 1
    Dewey Decimal Classification     SEACOM ENGINEERING COLLEGE SEACOM ENGINEERING COLLEGE 01/04/2024   005.133 K16 4553 01/04/2024 01/04/2024 Books 2
    Dewey Decimal Classification     SEACOM ENGINEERING COLLEGE SEACOM ENGINEERING COLLEGE 01/04/2024   005.133 K16 4554 01/04/2024 01/04/2024 Books 3
    Dewey Decimal Classification     SEACOM ENGINEERING COLLEGE SEACOM ENGINEERING COLLEGE 01/04/2024   005.133 K16 4555 01/04/2024 01/04/2024 Books 4
    Dewey Decimal Classification     SEACOM ENGINEERING COLLEGE SEACOM ENGINEERING COLLEGE 01/04/2024   005.133 K16 4556 01/04/2024 01/04/2024 Books 5
    Dewey Decimal Classification     SEACOM ENGINEERING COLLEGE SEACOM ENGINEERING COLLEGE 01/04/2024   005.133 K16 4557 01/04/2024 01/04/2024 Books 6
    Dewey Decimal Classification     SEACOM ENGINEERING COLLEGE SEACOM ENGINEERING COLLEGE 01/04/2024   005.133 K16 4558 01/04/2024 01/04/2024 Books 7
    Dewey Decimal Classification     SEACOM ENGINEERING COLLEGE SEACOM ENGINEERING COLLEGE 01/04/2024   005.133 K16 4559 01/04/2024 01/04/2024 Books 8
    Dewey Decimal Classification     SEACOM ENGINEERING COLLEGE SEACOM ENGINEERING COLLEGE 01/04/2024   005.133 K16 4560 01/04/2024 01/04/2024 Books 9
    Dewey Decimal Classification     SEACOM ENGINEERING COLLEGE SEACOM ENGINEERING COLLEGE 01/04/2024   005.133 K16 4561 01/04/2024 01/04/2024 Books 10
    Dewey Decimal Classification     SEACOM ENGINEERING COLLEGE SEACOM ENGINEERING COLLEGE 01/04/2024   005.133 K16 4562 01/04/2024 01/04/2024 Books 11
    Dewey Decimal Classification     SEACOM ENGINEERING COLLEGE SEACOM ENGINEERING COLLEGE 01/04/2024   005.133 K16 4563 01/04/2024 01/04/2024 Books 12
    Dewey Decimal Classification     SEACOM ENGINEERING COLLEGE SEACOM ENGINEERING COLLEGE 01/04/2024   005.133 K16 4564 01/04/2024 01/04/2024 Books 13
    Dewey Decimal Classification     SEACOM ENGINEERING COLLEGE SEACOM ENGINEERING COLLEGE 01/04/2024   005.133 K16 4565 01/04/2024 01/04/2024 Books 14
© Seacom Engineering College, All rights reserved.      Powered by Koha